Computer Graphics and Geometric Modeling : Implementation and Algorithms

Na minha lista:
Detalhes bibliográficos
Autor principal: Agoston, Max K. (Author)
Formato: Livro
Idioma:inglês
Publicado em: London : Springer Verlag, 2005
Assuntos:
Tags: Adicionar Tag
Sem tags, seja o primeiro a adicionar uma tag!

MARC

LEADER 00000nam a22000003a 4500
001 stu262003
005 20150617230214.8
008 130201s2005----uk------------------eng-d
020 |a 1-85233-818-0 
040 |a STU  |b slo 
041 0 |a eng 
044 |a uk 
100 1 |a Agoston, Max K.  |4 aut 
245 1 |a Computer Graphics and Geometric Modeling :  |b Implementation and Algorithms 
260 |a London :  |b Springer Verlag,  |c 2005 
300 |a 907 s 
650 7 |a počítačová grafika  |2 stusub 
650 7 |a geometrické modelovanie  |2 stusub 
996 |b 284M084736  |c M*13432-1  |l MMKN  |s A  |a 24  |w stu262003_0001